000 00637nam a2200193Ia 4500
003 GCL
008 140319s9999 xx 000 0 ara d
040 _aGCL /
_cGCL
082 0 4 _a361.4
_bا خ
100 1 _aاحمد محمد موسى
245 1 0 _aخدمة الجماعة :
_bاسس ومبادئ /
_cاحمد محمد موسى
260 _aالقاهرة :
_bمكتبة زهراء الشرق ،
_c2004
300 _a398 ص ؛
_c24 سم
650 0 4 _aتنظيم المجتمع
650 0 4 _aالخدمة الاجتماعية
650 0 4 _aالارشاد الاجتماعى
650 0 4 _aخدمة المجتمع
942 _2ddc
_cBK
999 _c8222
_d8222